000 00210nam a2200085 4500
001 1257679
005 20260218093807.0
245 _aTAŞLA ŞİİR YAZAN SANATÇI MİMAR SİNAN
_cMERYEM UÇAR
260 _bERDEM GENÇ
999 _c1257679
_d1257679